India after Gandhi : the history of world's largest democracy (Record no. 26728)
[ view plain ]
| 000 -LEADER | |
|---|---|
| fixed length control field | 00509nam a2200181 a 4500 |
| 001 - CONTROL NUMBER | |
| control field | 154523 |
| 003 - CONTROL NUMBER IDENTIFIER | |
| control field | OSt |
| 005 - DATE AND TIME OF LATEST TRANSACTION | |
| control field | 20231018170536.0 |
| 008 - FIXED-LENGTH DATA ELEMENTS--GENERAL INFORMATION | |
| fixed length control field | 170328 ### HIN |
| 020 ## - INTERNATIONAL STANDARD BOOK NUMBER | |
| International Standard Book Number | 9789382616979 |
| 082 ## - DEWEY DECIMAL CLASSIFICATION NUMBER | |
| Classification number | 954.04 |
| Item number | G93I |
| 100 ## - MAIN ENTRY--PERSONAL NAME | |
| Personal name | Guha, Ramachandra |
| 245 ## - TITLE STATEMENT | |
| Title | India after Gandhi : the history of world's largest democracy |
| Statement of responsibility, etc | by Ramachandra Guha |
| 260 ## - PUBLICATION, DISTRIBUTION, ETC. (IMPRINT) | |
| Place of publication, distribution, etc | India |
| Name of publisher, distributor, etc | Picador/ Pan Macmillan |
| Date of publication, distribution, etc | 2017 |
| 300 ## - PHYSICAL DESCRIPTION | |
| Extent | 898p. |
| 690 ## - LOCAL SUBJECT ADDED ENTRY--TOPICAL TERM (OCLC, RLIN) | |
| Topical term or geographic name as entry element | India; Politics and government |
| 942 ## - ADDED ENTRY ELEMENTS (KOHA) | |
| Source of classification or shelving scheme | Dewey Decimal Classification |
| Koha item type | Books |
| Withdrawn status | Lost status | Source of classification or shelving scheme | Damaged status | Not for loan | Collection code | Home library | Current library | Date acquired | Source of acquisition | Total Checkouts | Full call number | Barcode | Checked out | Date last seen | Date checked out | Price effective from | Koha item type |
|---|---|---|---|---|---|---|---|---|---|---|---|---|---|---|---|---|---|
| Dewey Decimal Classification | General Text Book | Central University Of Rajasthan | Central University Of Rajasthan | 18/10/2023 | CMS | 2 | 954.04 G93I | 41734 | 14/11/2025 | 15/09/2025 | 15/09/2025 | 18/10/2023 | Books | ||||
| Dewey Decimal Classification | General Text Book | Central University Of Rajasthan | Central University Of Rajasthan | 18/10/2023 | CMS | 5 | 954.04 G93I | 41735 | 22/10/2024 | 15/10/2024 | 18/10/2023 | Books |
